The foreign policies of the global south : (Record no. 155)

MARC details
000 -LEADER
fixed length control field 01858cam a2200313 a 4500
001 - CONTROL NUMBER
control field 12978843
005 - DATE AND TIME OF LATEST TRANSACTION
control field 20210414113848.0
008 - FIXED-LENGTH DATA ELEMENTS--GENERAL INFORMATION
fixed length control field 021023s2003 coua b 001 0 eng
010 ## - LIBRARY OF CONGRESS CONTROL NUMBER
LC control number 2002036828
020 ## - INTERNATIONAL STANDARD BOOK NUMBER
International Standard Book Number 1588261751 (hc : alk paper)
040 ## - CATALOGING SOURCE
Original cataloging agency DLC
Transcribing agency DLC
Modifying agency DLC
043 ## - GEOGRAPHIC AREA CODE
Geographic area code d------
050 00 - LIBRARY OF CONGRESS CALL NUMBER
Classification number D887.F67
082 00 - DEWEY DECIMAL CLASSIFICATION NUMBER
Classification number 327/.09172/4
Edition number 21
245 04 - TITLE STATEMENT
Title The foreign policies of the global south :
Remainder of title rethinking conceptual frameworks /
Statement of responsibility, etc. edited by Jacqueline Anne Braveboy-Wagner.
260 ## - PUBLICATION, DISTRIBUTION, ETC.
Place of publication, distribution, etc. Boulder, Colo. :
Name of publisher, distributor, etc. L. Rienner,
Date of publication, distribution, etc. 2003.
300 ## - PHYSICAL DESCRIPTION
Extent vii, 221 p. :
Other physical details ill. ;
Dimensions 24 cm.
504 ## - BIBLIOGRAPHY, ETC. NOTE
Bibliography, etc. note Includes bibliographical references and index.
505 ## - FORMATTED CONTENTS NOTE
Formatted contents note Contents: The Foreign policies of the global south: An introduction -- Assessing current conceptual and emperical approaches -- Postcoloniality in global South foreign policy: A Perspective -- Reconceptualizing the global South's perspective -- Foreign policy in the Arab world -- The Promise of a state-centered approach -- African foreign policy: Integrating political economy and decision making perspectives -- Latin American foreign policies: Incorporating civil society perspectives -- Latin American foreign policy: Toward a global South framework -- Making room for the smaller states -- Modernization and foreign policy: An Alternative approach to the global South -- Conclusion.
650 #0 - SUBJECT ADDED ENTRY--TOPICAL TERM
Topical term or geographic name entry element Globalization.
650 #0 - SUBJECT ADDED ENTRY--TOPICAL TERM
Topical term or geographic name entry element World politics
Chronological subdivision 1989-
650 #0 - SUBJECT ADDED ENTRY--TOPICAL TERM
Topical term or geographic name entry element International relations.
651 #0 - SUBJECT ADDED ENTRY--GEOGRAPHIC NAME
Geographic name Developing countries
General subdivision Foreign relations.
651 #0 - SUBJECT ADDED ENTRY--GEOGRAPHIC NAME
Geographic name Developing countries
General subdivision Foreign economic relations.
700 1# - ADDED ENTRY--PERSONAL NAME
Personal name Braveboy-Wagner, Jacqueline Anne.
906 ## - LOCAL DATA ELEMENT F, LDF (RLIN)
a 7
b cbc
c orignew
d 1
e ocip
f 20
g y-gencatlg
942 ## - ADDED ENTRY ELEMENTS (KOHA)
Source of classification or shelving scheme Library of Congress Classification
Koha item type Books
Holdings
Withdrawn status Lost status Source of classification or shelving scheme Damaged status Not for loan Home library Current library Shelving location Date acquired Total Checkouts Full call number Barcode Date last seen Copy number Price effective from Koha item type
    Library of Congress Classification     WISCONSIN INTERNATIONAL UNIVERSITY COLLEGE, GHANA - MAIN LIBRARY WISCONSIN INTERNATIONAL UNIVERSITY COLLEGE, GHANA - MAIN LIBRARY General Stacks 10/10/2011   D887.F67 396/11 10/10/2011 1 10/10/2011 Books
    Library of Congress Classification     WISCONSIN INTERNATIONAL UNIVERSITY COLLEGE, GHANA - MAIN LIBRARY WISCONSIN INTERNATIONAL UNIVERSITY COLLEGE, GHANA - MAIN LIBRARY General Stacks 10/10/2011   D887.F671 397/11 10/10/2011 2 10/10/2011 Books
    Library of Congress Classification     WISCONSIN INTERNATIONAL UNIVERSITY COLLEGE, GHANA - MAIN LIBRARY WISCONSIN INTERNATIONAL UNIVERSITY COLLEGE, GHANA - MAIN LIBRARY General Stacks 10/10/2011   D887.F672 398/11 10/10/2011 3 10/10/2011 Books
    Library of Congress Classification     WISCONSIN INTERNATIONAL UNIVERSITY COLLEGE, GHANA - MAIN LIBRARY WISCONSIN INTERNATIONAL UNIVERSITY COLLEGE, GHANA - MAIN LIBRARY General Stacks 10/10/2011   D887.F673 399/11 10/10/2011 4 10/10/2011 Books
    Library of Congress Classification     WISCONSIN INTERNATIONAL UNIVERSITY COLLEGE, GHANA - MAIN LIBRARY WISCONSIN INTERNATIONAL UNIVERSITY COLLEGE, GHANA - MAIN LIBRARY General Stacks 10/10/2011   D887.F674 400/11 10/10/2011 5 10/10/2011 Books
    Library of Congress Classification     WISCONSIN INTERNATIONAL UNIVERSITY COLLEGE, GHANA - MAIN LIBRARY WISCONSIN INTERNATIONAL UNIVERSITY COLLEGE, GHANA - MAIN LIBRARY General Stacks 10/10/2011   D887.F675 401/11 10/10/2011 6 10/10/2011 Books
    Library of Congress Classification     WISCONSIN INTERNATIONAL UNIVERSITY COLLEGE, GHANA - MAIN LIBRARY WISCONSIN INTERNATIONAL UNIVERSITY COLLEGE, GHANA - MAIN LIBRARY General Stacks 10/10/2011   D887.F676 402/11 10/10/2011 7 10/10/2011 Books
    Library of Congress Classification     WISCONSIN INTERNATIONAL UNIVERSITY COLLEGE, GHANA - MAIN LIBRARY WISCONSIN INTERNATIONAL UNIVERSITY COLLEGE, GHANA - MAIN LIBRARY General Stacks 10/10/2011   D887.F677 403/11 10/10/2011 8 10/10/2011 Books
    Library of Congress Classification     WISCONSIN INTERNATIONAL UNIVERSITY COLLEGE, GHANA - MAIN LIBRARY WISCONSIN INTERNATIONAL UNIVERSITY COLLEGE, GHANA - MAIN LIBRARY General Stacks 10/10/2011   D887.F678 404/11 10/10/2011 9 10/10/2011 Books
    Library of Congress Classification     WISCONSIN INTERNATIONAL UNIVERSITY COLLEGE, GHANA - MAIN LIBRARY WISCONSIN INTERNATIONAL UNIVERSITY COLLEGE, GHANA - MAIN LIBRARY General Stacks 10/10/2011   D887.F679 405/11 10/10/2011 10 10/10/2011 Books

If you have any concerns or questions; kindly contact the library


© Powered by WIUC ICT DIRECTORATE